| 000 | 01135namaa2200289 i 4500 | ||
|---|---|---|---|
| 003 | EG-GICUC | ||
| 005 | 20260408154033.0 | ||
| 008 | 260408s1868 ua |||jr|||| 000 0cara d | ||
| 040 |
_aEG-GiCUC _bara _cEG-GiCUC _dEG-GiCUC _erda |
||
| 043 |
_aaw----- _aff----- |
||
| 082 | 0 | 4 |
_221 _a920.0092927 _bM9524 |
| 092 | 0 | 4 |
_221 _a920.0092927 _bM9524 |
| 099 | _a920.0092927 M9524 | ||
| 100 | 1 |
_aمحبى، محمد أمين بن فضل الله _d1651-1699 _eمؤلف. |
|
| 245 | 1 |
_aخلاصة الأثر فى أعيان القرن الحادى عشر/ _cللمحبى. |
|
| 264 |
_aالقاهرة (مصر) : _bدار الكتاب الاسلامى، _c[1868]. |
||
| 300 |
_aمجلدات 4 ؛ _c24 سم _bإيضاحيات، صور، مثيليات ؛ Illustrations |
||
| 336 |
_2rdacontent _atext |
||
| 337 |
_2rdamedia _aUnmediated |
||
| 338 |
_2rdacarrier _avolume |
||
| 504 | _a. | ||
| 541 |
_aد. جابر عصفور ؛ _bالقاهرة ؛ _cإهداء ؛ _d2024. |
||
| 650 | 1 | 7 |
_aالتاريخ الاسلامى _vتراجم _2qrmak |
| 651 | 1 | 7 |
_2qrmak _aالعالم الاسلامى _vتراجم |
| 905 | _aAya | ||
| 942 |
_2ddc _cBK _e21 _n0 |
||
| 999 |
_c179313 _d179313 |
||